| 000 | 00950nam a22002890i 4500 | ||
|---|---|---|---|
| 001 | 20463 | ||
| 003 | VRT | ||
| 005 | 20260122143521.0 | ||
| 008 | 090724s1995 SK r 000 slo d | ||
| 020 | _a8088834430 | ||
| 035 | _a(SVKBBclas03)vtls000019441 | ||
| 040 |
_aSVKBB _bslo _cSVKBB _eAACR2 |
||
| 041 | 0 | _aslo | |
| 080 | _a885.4-2 | ||
| 090 | _aA 94674 | ||
| 100 | 1 |
_aPalárik, Ján, _d1822-1870 |
|
| 245 | 0 | 0 |
_aZmierenie alebo Dobrodružstvo pri obžinkoch _bVeselohra v troch dejstvách _cJán Palárik |
| 260 |
_aRohovce _bInterpopulart Slovakia _c[1995] |
||
| 300 |
_a94 s. _bLit. _c19 cm |
||
| 440 | 0 | _a(Populart). | |
| 500 | _aŠtudentská knižnica 44. Séria: Slovenská romanticko-realistická dráma | ||
| 653 | _ahry divadelné slovenské. | ||
| 942 |
_2ddc _cKLDO _n0 |
||
| 949 |
_6270001000025955 _asvkbbA 94674 _p612.579 |
||
| 949 |
_6270001000066132 _asvkbbA 94674 _p613.252 |
||
| 949 |
_6270001000026517 _asvkbbA 94674a _p612.580 |
||
| 999 |
_c20463 _d20463 |
||